[Event "Politiken Cup 34th"]
[Site "Helsingor"]
[Date "2012.08.04"]
[Round "9"]
[White "Becker, Martin Alexander"]
[Black "Skjolas, Erling Dyrhaug"]
[Result "1-0"]
[WhiteElo "2375"]
[BlackElo "1581"]
[PlyCount "67"]
[EventDate "2012.07.28"]
[EventType "swiss"]
[EventRounds "10"]
[EventCountry "DEN"]
[SourceTitle "CBM 149 Extra"]
[Source "ChessBase"]
[SourceDate "2012.08.24"]
[SourceVersion "1"]
[SourceVersionDate "2012.08.24"]
[SourceQuality "1"]

1. c4 e6 2. g3 d5 3. Bg2 Nf6 4. Nf3 c5 5. 0-0 Nc6 6. b3 Be7 7. Bb2 0-0 8. Na3 b6 9. d4 cxd4 10. Nxd4 Nxd4 11. Qxd4 Bc5 12. Qc3 Bb7 13. Nc2 Rc8 14. Qf3 Be7 15. Rfd1 Qc7 16. Rac1 Bc6 17. Nd4 Qb7 18. Nxc6 Rxc6 19. cxd5 Rxc1 20. Rxc1 Nxd5 21. Qg4 g6 22. Qd4 f6 23. Qc4 Bc5 24. e4 Rc8 25. Kf1 b5 26. Qe2 Ne7 27. Bxf6 Qd7 28. Rd1 Qc7 29. Ba1 Bb4 30. Qxb5 Qc2 31. Bf3 Rf8 32. Qe5 Bc3 33. Bxc3 Rxf3 34. Qg7# 1-0

[Event "Politiken Cup 34th"]
[Site "Helsingor"]
[Date "2012.07.31"]
[Round "5"]
[White "Becker, Martin Alexander"]
[Black "Karlsson, Ulf"]
[Result "0-1"]
[WhiteElo "2375"]
[BlackElo "2012"]
[PlyCount "82"]
[EventDate "2012.07.28"]
[EventType "swiss"]
[EventRounds "10"]
[EventCountry "DEN"]
[SourceTitle "CBM 149 Extra"]
[Source "ChessBase"]
[SourceDate "2012.08.24"]
[SourceVersion "1"]
[SourceVersionDate "2012.08.24"]
[SourceQuality "1"]

1. e4 c5 2. d4 cxd4 3. c3 g6 4. Nf3 d5 5. Qxd4 Nf6 6. Bb5+ Bd7 7. Bxd7+ Qxd7 8. Ne5 Qd6 9. Bf4 Nc6 10. Qa4 Nxe4 11. 0-0 Bg7 12. Nxg6 Qxg6 13. Rd1 Qg4 14. Bg3 Qf5 15. Qb5 0-0-0 16. Na3 Nxg3 17. hxg3 h5 18. c4 e6 19. Rac1 dxc4 20. Qxc4 Bxb2 21. Nb5 Bxc1 22. Nxa7+ Kb8 23. Nxc6+ bxc6 24. Rxc1 Qb5 25. Qe4 Qd5 26. Rb1+ Kc7 27. Qf4+ e5 28. Qa4 Ra8 29. Qh4 Qe6 30. Re1 f6 31. a4 Ra5 32. Qb4 Raa8 33. Qh4 Kd7 34. Rd1+ Ke7 35. Qb4+ Kf7 36. Rd6 Rhb8 37. Qc5 Qa2 38. Qxc6 Rb1+ 39. Kh2 Qxf2 40. Qd5+ Kg7 41. Qb7+ Rxb7 0-1

[Event "Politiken Cup 34th"]
[Site "Helsingor"]
[Date "2012.07.28"]
[Round "1"]
[White "Becker, Martin Alexander"]
[Black "Jorgensen, Dennis"]
[Result "1/2-1/2"]
[WhiteElo "2375"]
[BlackElo "2231"]
[PlyCount "87"]
[EventDate "2012.07.28"]
[EventType "swiss"]
[EventRounds "10"]
[EventCountry "DEN"]
[SourceTitle "CBM 149 Extra"]
[Source "ChessBase"]
[SourceDate "2012.08.24"]
[SourceVersion "1"]
[SourceVersionDate "2012.08.24"]
[SourceQuality "1"]

1. e4 c6 2. d4 d5 3. f3 Qb6 4. Nc3 dxe4 5. fxe4 e5 6. Nf3 exd4 7. Qxd4 Qxd4 8. Nxd4 Bc5 9. Nb3 Bd6 10. Be3 Nd7 11. Bd3 Ngf6 12. h3 Bg3+ 13. Bf2 Bxf2+ 14. Kxf2 Ne5 15. Rad1 Ke7 16. Be2 Be6 17. Nd4 g6 18. Rhe1 Rad8 19. Nxe6 fxe6 20. Bf3 Rhf8 21. Rxd8 Rxd8 22. Rd1 Rxd1 23. Nxd1 Kd6 24. Ke3 g5 25. b3 h5 26. Nf2 c5 27. Be2 h4 28. c3 b6 29. a3 Nfd7 30. Bb5 Nf8 31. Be8 Nh7 32. Bb5 Nf6 33. Be2 Ng6 34. Nd3 Nd7 35. Bh5 Nge5 36. Nf2 a5 37. Be2 Ng6 38. Ng4 Ke7 39. b4 Nf6 40. Nf2 Nf4 41. Bf1 Kd6 42. Kf3 Ng6 43. Ke3 Ne5 44. Be2 1/2-1/2

[Event "Oberliga NRW 1112"]
[Site "Germany"]
[Date "2011.10.09"]
[Round "2.5"]
[White "Klein, Felix"]
[Black "Becker, Martin Alexander"]
[Result "1-0"]
[WhiteElo "2208"]
[BlackElo "2346"]
[PlyCount "39"]
[EventDate "2011.09.18"]
[EventType "team-tourn"]
[EventRounds "9"]
[EventCountry "GER"]
[SourceTitle "EXT 2015"]
[Source "ChessBase"]
[SourceDate "2014.11.20"]
[SourceVersion "1"]
[SourceVersionDate "2014.11.20"]
[SourceQuality "1"]
[WhiteTeam "Aachen SV"]
[BlackTeam "Solingen II"]
[WhiteTeamCountry "GER"]
[BlackTeamCountry "GER"]

1. e4 e5 2. Nf3 Nf6 3. Nxe5 d6 4. Nf3 Nxe4 5. d4 d5 6. Bd3 Bd6 7. 0-0 0-0 8. c4 c6 9. Nc3 Nxc3 10. bxc3 h6 11. h3 Re8 12. cxd5 cxd5 13. c4 dxc4 14. Bxc4 Bf5 15. Qb3 Re7 16. Ne5 Qc7 17. Bf4 Bxe5 18. Bxe5 Qd8 19. Qg3 Bg6 20. Qxg6 1-0

[Event "BL2-West 1011"]
[Site "Germany"]
[Date "2011.02.06"]
[Round "6.4"]
[White "Fridman, Rafael"]
[Black "Becker, Martin Alexander"]
[Result "1/2-1/2"]
[WhiteElo "2482"]
[BlackElo "2400"]
[PlyCount "81"]
[EventDate "2010.10.10"]
[EventType "team-tourn"]
[EventRounds "9"]
[EventCountry "GER"]
[SourceTitle "EXT 2012"]
[Source "ChessBase"]
[SourceDate "2011.11.24"]
[SourceVersion "1"]
[SourceVersionDate "2011.11.24"]
[SourceQuality "1"]
[WhiteTeam "Bochum 31"]
[BlackTeam "Solingen Aljechin II"]
[WhiteTeamCountry "GER"]
[BlackTeamCountry "GER"]

1. d4 d5 2. Nf3 Nf6 3. e3 e6 4. Bd3 Bd6 5. b3 c5 6. Bb2 Nc6 7. 0-0 0-0 8. Nbd2 b6 9. a3 Bb7 10. Ne5 Rc8 11. f4 Na5 12. dxc5 bxc5 13. c4 Ne4 14. Nxe4 dxe4 15. Bc2 f6 16. Ng4 Qe7 17. Qe1 Nc6 18. Bxe4 f5 19. Bxc6 Bxc6 20. Ne5 Bxe5 21. Bxe5 Qb7 22. Qg3 Rf7 23. Rab1 Be4 24. Rb2 Rd7 25. h4 Rd3 26. h5 h6 27. b4 cxb4 28. Rxb4 Qd7 29. Rb2 Rd8 30. Qg6 Qf7 31. Bd4 Rxa3 32. Rd2 Qxg6 33. hxg6 e5 34. fxe5 Ra6 35. Rff2 Rc8 36. Ra2 Rxg6 37. Rxa7 Rxc4 38. e6 Rxe6 39. Rxg7+ Kf8 40. Rh7 Rc2 41. Rxc2 1/2-1/2

[Event "BL2-West 1011"]
[Site "Germany"]
[Date "2011.01.16"]
[Round "5.4"]
[White "Becker, Martin Alexander"]
[Black "Doncevic, Dario"]
[Result "1-0"]
[WhiteElo "2400"]
[BlackElo "2324"]
[PlyCount "61"]
[EventDate "2010.10.10"]
[EventType "team-tourn"]
[EventRounds "9"]
[EventCountry "GER"]
[SourceTitle "EXT 2012"]
[Source "ChessBase"]
[SourceDate "2011.11.24"]
[SourceVersion "1"]
[SourceVersionDate "2011.11.24"]
[SourceQuality "1"]
[WhiteTeam "Solingen Aljechin II"]
[BlackTeam "Koblenz"]
[WhiteTeamCountry "GER"]
[BlackTeamCountry "GER"]

1. d4 Nf6 2. c4 g6 3. Nc3 d5 4. cxd5 Nxd5 5. e4 Nxc3 6. bxc3 Bg7 7. Nf3 c5 8. Rb1 0-0 9. Be2 Nc6 10. d5 Bxc3+ 11. Bd2 Bxd2+ 12. Qxd2 Na5 13. h4 Bg4 14. h5 Bxf3 15. gxf3 e5 16. hxg6 fxg6 17. d6 b6 18. Qd5+ Kg7 19. Qxe5+ Qf6 20. Qh2 h5 21. Qg3 Qf4 22. Rd1 Nc6 23. Rh4 Qxg3 24. fxg3 g5 25. Rxh5 Kg6 26. g4 Nd4 27. Rxd4 cxd4 28. e5 Rae8 29. Bd3+ Kf7 30. Rxg5 Ke6 31. Bc4+ 1-0

[Event "BL2-West 0910"]
[Site "Germany"]
[Date "2009.11.29"]
[Round "3.3"]
[White "Becker, Martin Alexander"]
[Black "Vaganian, Rafael A"]
[Result "0-1"]
[WhiteElo "2417"]
[BlackElo "2568"]
[PlyCount "72"]
[EventDate "2009.10.18"]
[EventType "team-tourn"]
[EventRounds "9"]
[EventCountry "GER"]
[SourceTitle "EXT 2011"]
[Source "ChessBase"]
[SourceDate "2010.11.26"]
[SourceVersion "1"]
[SourceVersionDate "2010.11.26"]
[SourceQuality "1"]
[WhiteTeam "Solingen"]
[BlackTeam "Koeln Porz"]
[WhiteTeamCountry "GER"]
[BlackTeamCountry "GER"]

1. d4 e6 2. c4 f5 3. g3 Nf6 4. Bg2 d5 5. Nh3 Nc6 6. cxd5 exd5 7. 0-0 g6 8. Bg5 Bg7 9. Nf4 Ne7 10. Nc3 c6 11. Bxf6 Bxf6 12. e3 Bd7 13. b4 0-0 14. b5 Kh8 15. bxc6 bxc6 16. h4 Nc8 17. Na4 Nd6 18. Nc5 Re8 19. Qa4 Ne4 20. Bxe4 fxe4 21. Nxd7 Qxd7 22. Rac1 Rac8 23. Rc5 Rc7 24. Rfc1 g5 25. Nh5 Re6 26. hxg5 Bxg5 27. Kg2 Rh6 28. Qd1 Rc8 29. Qe2 Rf8 30. Rh1 Rf3 31. Nf4 Bxf4 32. exf4 Rg6 33. Rh4 Qg7 34. Kh1 Qxd4 35. Rc2 Qa1+ 36. Kg2 Qg7 0-1

[Event "BL2-West 0910"]
[Site "Germany"]
[Date "2009.11.15"]
[Round "2.3"]
[White "Mertens, Heiko"]
[Black "Becker, Martin Alexander"]
[Result "1-0"]
[WhiteElo "2333"]
[BlackElo "2417"]
[PlyCount "77"]
[EventDate "2009.10.18"]
[EventType "team-tourn"]
[EventRounds "9"]
[EventCountry "GER"]
[SourceTitle "EXT 2011"]
[Source "ChessBase"]
[SourceDate "2010.11.26"]
[SourceVersion "1"]
[SourceVersionDate "2010.11.26"]
[SourceQuality "1"]
[WhiteTeam "Godesberg"]
[BlackTeam "Solingen"]
[WhiteTeamCountry "GER"]
[BlackTeamCountry "GER"]

1. e4 c5 2. Nf3 d6 3. d4 cxd4 4. Nxd4 Nf6 5. Nc3 a6 6. f4 e5 7. Nf3 Nbd7 8. a4 Be7 9. Bc4 Qa5 10. Bd2 exf4 11. Bb3 Nc5 12. Bd5 Ne6 13. Ne2 Qb6 14. a5 Qxb2 15. Nc3 Nxd5 16. exd5 Nc5 17. 0-0 0-0 18. Rb1 Qa3 19. Qe2 Bf6 20. Ra1 Qb2 21. Ra2 Bxc3 22. Rxb2 Bxb2 23. Bxf4 Bf5 24. Bxd6 Rfe8 25. Qc4 Ne4 26. Qb3 Bf6 27. Bf4 Nc5 28. Qb6 Rac8 29. Bc7 Na4 30. Qxb7 Nc3 31. d6 Nb5 32. Re1 Rxe1+ 33. Nxe1 Nxc7 34. dxc7 Bc3 35. Qd5 g6 36. Nd3 Be6 37. Qd8+ Kg7 38. Nc5 Bf5 39. Nd7 1-0

[Event "Maastricht Limburg op 3rd"]
[Site "Maastricht"]
[Date "2009.05.31"]
[Round "4"]
[White "Serbu, Eli"]
[Black "Becker, Martin Alexander"]
[Result "0-1"]
[WhiteElo "2180"]
[BlackElo "2350"]
[PlyCount "61"]
[EventDate "2009.05.29"]
[EventType "swiss"]
[EventRounds "7"]
[EventCountry "NED"]
[SourceTitle "CBM 130 Extra"]
[Source "ChessBase"]
[SourceDate "2009.07.02"]
[SourceVersion "2"]
[SourceVersionDate "2009.07.15"]
[SourceQuality "1"]

1. e4 c5 2. c3 Nf6 3. e5 Nd5 4. d4 cxd4 5. cxd4 d6 6. Bc4 Nb6 7. Bb5+ Bd7 8. e6 fxe6 9. Bd3 g6 10. h4 Bg7 11. h5 Bc6 12. Qg4 Kd7 13. Nh3 Na6 14. Ng5 Qg8 15. Nc3 h6 16. Nf3 g5 17. Be3 Nb4 18. Bg6 Rf8 19. Nd2 N4d5 20. 0-0-0 Nf4 21. Be4 Bxe4 22. Ndxe4 Rf5 23. Ng3 Rf8 24. d5 Kc7 25. Nb5+ Kb8 26. Bxb6 axb6 27. Qf3 Rc8+ 28. Kd2 Rc5 29. a4 Qh7 30. Qb3 Rxd5+ 31. Kc1 0-1

[Event "Maastricht Limburg op 3rd"]
[Site "Maastricht"]
[Date "2009.05.30"]
[Round "2"]
[White "Becker, Martin Alexander"]
[Black "Kunin, Vitaly L"]
[Result "0-1"]
[WhiteElo "2350"]
[BlackElo "2533"]
[PlyCount "109"]
[EventDate "2009.05.29"]
[EventType "swiss"]
[EventRounds "7"]
[EventCountry "NED"]
[SourceTitle "CBM 130 Extra"]
[Source "ChessBase"]
[SourceDate "2009.07.02"]
[SourceVersion "2"]
[SourceVersionDate "2009.07.15"]
[SourceQuality "1"]

1. d4 d5 2. c4 dxc4 3. e4 e5 4. Nf3 exd4 5. Bxc4 Nc6 6. Nbd2 Bc5 7. Nb3 Bb6 8. Bb5 Bg4 9. Bxc6+ bxc6 10. Qc2 Ne7 11. Ne5 Qc8 12. 0-0 0-0 13. Nd3 Be6 14. Nbc5 f5 15. Re1 Ng6 16. exf5 Bxf5 17. Qc4+ Kh8 18. b4 a5 19. Bb2 Bxd3 20. Qxd3 Nf4 21. Qg3 axb4 22. Bxd4 Nh5 23. Qh4 Rf5 24. Ne6 Bxd4 25. Nxd4 Rf4 26. Qxh5 Rxd4 27. Re7 Rd5 28. Qe2 h6 29. Re1 c5 30. g3 c6 31. h4 Qf5 32. Qb2 Rd4 33. R7e5 Qf8 34. Qc2 Rd5 35. Re6 Qf5 36. Qb2 Rd4 37. R6e5 Qf6 38. Qc2 Rf8 39. Rxc5 Qd8 40. Rce5 Rd2 41. Qxc6 Qd4 42. R5e3 Rdxf2 43. Qe4 Qb6 44. Qe7 Qc6 45. Qe4 Qc5 46. Qe6 Qa7 47. Qe7 Qa8 48. Re4 Qb8 49. Rg4 R2f7 50. Qxb4 Qa7+ 51. Qd4 Qxa2 52. Rf4 Rxf4 53. gxf4 Qf7 54. Re4 Ra8 55. Re2 0-1

[Event "BL2-West 0809"]
[Site "Germany"]
[Date "2009.02.01"]
[Round "6.4"]
[White "Rott, Georg"]
[Black "Becker, Martin Alexander"]
[Result "0-1"]
[WhiteElo "2235"]
[BlackElo "2350"]
[PlyCount "66"]
[EventDate "2008.10.05"]
[EventType "team-tourn"]
[EventRounds "9"]
[EventCountry "GER"]
[SourceTitle "CBM 129 Extra"]
[Source "ChessBase"]
[SourceDate "2009.05.05"]
[SourceVersion "2"]
[SourceVersionDate "2009.05.20"]
[SourceQuality "1"]
[WhiteTeam "Muenster"]
[BlackTeam "Solingen II"]
[WhiteTeamCountry "GER"]
[BlackTeamCountry "GER"]

1. e4 c5 2. Nf3 d6 3. c3 Nf6 4. Be2 Nbd7 5. Qc2 Qc7 6. 0-0 b6 7. d4 cxd4 8. Nxd4 Bb7 9. f3 e6 10. Be3 d5 11. Nb5 Qb8 12. exd5 Nxd5 13. Bf2 a6 14. Nd4 Bd6 15. g3 h5 16. Nd2 N7f6 17. c4 Ne7 18. b4 h4 19. Kg2 Ng4 20. Bg1 hxg3 21. h3 Ng6 22. Rfb1 Nh4+ 23. Kf1 g2+ 24. Ke1 Bg3+ 25. Kd1 Bf2 26. fxg4 Bxg1 27. N4f3 Bd4 28. Qa4+ b5 29. cxb5 Nxf3 30. Bxf3 g1Q+ 31. Kc2 Qc7+ 32. Bc6+ Bxc6 33. bxc6 Qe3 0-1

[Event "BL2-West 0809"]
[Site "Germany"]
[Date "2009.01.18"]
[Round "5.3"]
[White "Ringoir, Tanguy"]
[Black "Becker, Martin Alexander"]
[Result "1/2-1/2"]
[WhiteElo "2350"]
[BlackElo "2350"]
[PlyCount "55"]
[EventDate "2008.10.05"]
[EventType "team-tourn"]
[EventRounds "9"]
[EventCountry "GER"]
[SourceTitle "CBM 129 Extra"]
[Source "ChessBase"]
[SourceDate "2009.05.05"]
[SourceVersion "2"]
[SourceVersionDate "2009.05.20"]
[SourceQuality "1"]
[WhiteTeam "Dortmund"]
[BlackTeam "Solingen II"]
[WhiteTeamCountry "GER"]
[BlackTeamCountry "GER"]

1. e4 e5 2. Nf3 Nf6 3. Nxe5 d6 4. Nf3 Nxe4 5. Nc3 Nxc3 6. dxc3 Be7 7. Be3 Nc6 8. Qd2 Be6 9. 0-0-0 Qd7 10. h3 a6 11. Ng5 Bxg5 12. Bxg5 f6 13. Be3 0-0-0 14. Be2 Rhe8 15. b3 Bf5 16. Rhe1 Qf7 17. Bf1 Re7 18. Bf4 Rde8 19. Rxe7 Rxe7 20. Re1 Rxe1+ 21. Qxe1 Qe7 22. Qd2 Ne5 23. Kb2 Bg6 24. Be2 Kb8 25. h4 h6 26. Be3 Bf5 27. c4 Bg4 28. Bxg4 1/2-1/2

[Event "BL2-West 0809"]
[Site "Germany"]
[Date "2008.11.30"]
[Round "3.4"]
[White "Becker, Martin Alexander"]
[Black "Savchenko, Viacheslav"]
[Result "1-0"]
[WhiteElo "2350"]
[BlackElo "2405"]
[PlyCount "70"]
[EventDate "2008.10.05"]
[EventType "team-tourn"]
[EventRounds "9"]
[EventCountry "GER"]
[SourceTitle "CBM 129 Extra"]
[Source "ChessBase"]
[SourceDate "2009.05.05"]
[SourceVersion "2"]
[SourceVersionDate "2009.05.20"]
[SourceQuality "1"]
[WhiteTeam "Solingen II"]
[BlackTeam "Gerresheim"]
[WhiteTeamCountry "GER"]
[BlackTeamCountry "GER"]

1. d4 Nf6 2. c4 e6 3. Nc3 Bb4 4. e3 Bxc3+ 5. bxc3 Qe7 6. a4 d6 7. Ba3 c5 8. f3 e5 9. e4 Nc6 10. Ne2 0-0 11. d5 Na5 12. Ng3 Nd7 13. Nf5 Qf6 14. Bd3 Nb6 15. Ne3 Bd7 16. Bc1 Qh4+ 17. g3 Qd8 18. Ra2 Qe8 19. g4 a6 20. Nf5 Bxf5 21. exf5 f6 22. Be4 Nbxc4 23. g5 Qh5 24. Rg2 fxg5 25. h4 b5 26. Ke2 g4 27. fxg4 Qe8 28. h5 Ra7 29. g5 bxa4 30. f6 gxf6 31. gxf6+ Kh8 32. Qf1 Qb5 33. Ke1 Qb3 34. Rh3 Nb6 35. Rg7 Raf7 1-0

[Event "Groningen Atlantis-A"]
[Site "Groningen"]
[Date "2008.07.03"]
[Round "8"]
[White "Geirnaert, Steven"]
[Black "Becker, Martin Alexander"]
[Result "0-1"]
[WhiteElo "2324"]
[BlackElo "2364"]
[PlyCount "50"]
[EventDate "2008.06.27"]
[EventType "tourn"]
[EventRounds "9"]
[EventCountry "NED"]
[EventCategory "5"]
[SourceTitle "CBM 125 Extra"]
[Source "ChessBase"]
[SourceDate "2008.09.01"]
[SourceVersion "1"]
[SourceVersionDate "2008.09.01"]
[SourceQuality "1"]

1. d4 d5 2. c4 e6 3. Nc3 Be7 4. Nf3 Nf6 5. Bg5 h6 6. Bxf6 Bxf6 7. cxd5 exd5 8. e3 0-0 9. Bd3 c5 10. dxc5 Bxc3+ 11. bxc3 Nd7 12. c6 bxc6 13. 0-0 Nc5 14. Be2 Ne4 15. Qc2 Nd6 16. c4 Bf5 17. Qc3 Nxc4 18. Nd4 Qg5 19. h4 Qf6 20. Rfc1 Be4 21. f3 Bg6 22. Bxc4 dxc4 23. Qxc4 Rfe8 24. e4 Bxe4 25. Nxc6 Bxc6 0-1

[Event "Groningen Atlantis-A"]
[Site "Groningen"]
[Date "2008.07.02"]
[Round "7"]
[White "Becker, Martin Alexander"]
[Black "Bedouin, Xavier"]
[Result "1/2-1/2"]
[WhiteElo "2364"]
[BlackElo "2369"]
[PlyCount "25"]
[EventDate "2008.06.27"]
[EventType "tourn"]
[EventRounds "9"]
[EventCountry "NED"]
[EventCategory "5"]
[SourceTitle "CBM 125 Extra"]
[Source "ChessBase"]
[SourceDate "2008.09.01"]
[SourceVersion "1"]
[SourceVersionDate "2008.09.01"]
[SourceQuality "1"]

1. d4 Nf6 2. c4 g6 3. Nc3 Bg7 4. e4 0-0 5. Nf3 c6 6. Be2 d5 7. cxd5 cxd5 8. e5 Ne4 9. Bd3 Nxc3 10. bxc3 f6 11. exf6 exf6 12. 0-0 Nc6 13. c4 1/2-1/2

[Event "Groningen Atlantis-A"]
[Site "Groningen"]
[Date "2008.06.29"]
[Round "3"]
[White "Becker, Martin Alexander"]
[Black "Kodentsov, Grigori"]
[Result "1/2-1/2"]
[WhiteElo "2364"]
[BlackElo "2275"]
[PlyCount "147"]
[EventDate "2008.06.27"]
[EventType "tourn"]
[EventRounds "9"]
[EventCountry "NED"]
[EventCategory "5"]
[SourceTitle "CBM 125 Extra"]
[Source "ChessBase"]
[SourceDate "2008.09.01"]
[SourceVersion "1"]
[SourceVersionDate "2008.09.01"]
[SourceQuality "1"]

1. d4 Nf6 2. Nf3 g6 3. Bg5 Bg7 4. Nbd2 0-0 5. c3 d6 6. e4 c5 7. dxc5 dxc5 8. Bc4 Nc6 9. 0-0 Qc7 10. Qe2 h6 11. Bh4 Nh5 12. Rfe1 Na5 13. a4 Nxc4 14. Nxc4 Be6 15. Ne3 Rad8 16. Rad1 g5 17. Bg3 Nxg3 18. hxg3 Rxd1 19. Qxd1 Rd8 20. Qe2 Qc6 21. Qc2 Bf6 22. g4 Qb6 23. e5 Bg7 24. c4 Rd7 25. b3 Qc6 26. Re2 b6 27. Nf5 Kh8 28. Re3 Bxf5 29. gxf5 g4 30. e6 Rd6 31. Ne5 Bxe5 32. Rxe5 fxe6 33. fxe6 Rxe6 34. Qf5 Rf6 35. Qxg4 a5 36. Rd5 Rg6 37. Qf4 Kg7 38. f3 Qf6 39. Rf5 Qa1+ 40. Kh2 Rf6 41. Qg4+ Kh7 42. Rd5 Qe1 43. Qg3 Qxg3+ 44. Kxg3 Kg6 45. f4 Kf7 46. f5 Rc6 47. Kf4 e6 48. Rd7+ Ke8 49. Rb7 exf5 50. Kxf5 Rd6 51. Ke5 Rg6 52. g4 Kd8 53. Kf5 Rg5+ 54. Kf6 Rxg4 55. Rxb6 h5 56. Ke5 h4 57. Rh6 Rd4 58. Rh7 Kc8 59. Ke6 Kb8 60. Ke5 Kc8 61. Kf5 Rd3 62. Rxh4 Rxb3 63. Ke6 Rb4 64. Kd6 Rxa4 65. Kxc5 Rb4 66. Kc6 Kb8 67. Rh8+ Ka7 68. c5 a4 69. Rh3 Ka6 70. Rh8 Ka7 71. Rh7+ Ka6 72. Rh8 Ka7 73. Rh3 Ka6 74. Rh8 1/2-1/2

[Event "BEL-chT 0708"]
[Site "Belgium"]
[Date "2008.02.17"]
[Round "9.6"]
[White "Laurent, Bruno"]
[Black "Becker, Martin Alexander"]
[Result "1/2-1/2"]
[WhiteElo "2344"]
[BlackElo "2365"]
[PlyCount "41"]
[EventDate "2007.09.30"]
[EventType "team-tourn"]
[EventRounds "11"]
[EventCountry "BEL"]
[SourceTitle "EXT 2009"]
[Source "ChessBase"]
[SourceDate "2008.11.26"]
[SourceVersion "1"]
[SourceVersionDate "2008.11.26"]
[SourceQuality "1"]
[WhiteTeam "Charleroi CREC"]
[BlackTeam "KSK47 Eynatten"]
[WhiteTeamCountry "BEL"]
[BlackTeamCountry "BEL"]

1. e4 c5 2. Nf3 d6 3. Bb5+ Bd7 4. Bxd7+ Qxd7 5. 0-0 Nc6 6. Re1 Nf6 7. c3 e6 8. d4 cxd4 9. cxd4 d5 10. e5 Ne4 11. Nbd2 Nxd2 12. Bxd2 Be7 13. Rc1 0-0 14. Rc3 Rfc8 15. a3 Bf8 16. Rd3 Ne7 17. Ng5 h6 18. Nh3 Rc4 19. Nf4 g6 20. h4 Rac8 21. h5 1/2-1/2

[Event "BL2-West 0708"]
[Site "Germany"]
[Date "2007.12.09"]
[Round "4.5"]
[White "Becker, Martin Alexander"]
[Black "Kotter, Ralf"]
[Result "0-1"]
[WhiteElo "2365"]
[BlackElo "2307"]
[PlyCount "58"]
[EventDate "2007.10.21"]
[EventType "team-tourn"]
[EventRounds "9"]
[EventCountry "GER"]
[SourceTitle "EXT 2009"]
[Source "ChessBase"]
[SourceDate "2008.11.26"]
[SourceVersion "1"]
[SourceVersionDate "2008.11.26"]
[SourceQuality "1"]
[WhiteTeam "Solingen II"]
[BlackTeam "Duisburg"]
[WhiteTeamCountry "GER"]
[BlackTeamCountry "GER"]

1. e4 c5 2. Nf3 e6 3. d4 cxd4 4. Nxd4 a6 5. Nc3 Qc7 6. Bd3 Nf6 7. f4 d6 8. g4 Nc6 9. Nb3 h6 10. Qf3 b5 11. Bd2 Bb7 12. h4 b4 13. Ne2 d5 14. Ng3 dxe4 15. Nxe4 Nd7 16. 0-0-0 a5 17. Qe3 a4 18. Nbc5 b3 19. Kb1 Nxc5 20. Nxc5 Nd4 21. Qxd4 Qxc5 22. Qxc5 Bxc5 23. Rhe1 Bf3 24. Be2 Bd5 25. Bc3 0-0 26. axb3 axb3 27. cxb3 Bxb3 28. Rd7 Ra4 29. Rf1 Rfa8 0-1

[Event "Oberliga NRW 0607"]
[Site "Germany"]
[Date "2007.04.15"]
[Round "8.4"]
[White "Becker, Martin Alexander"]
[Black "Hirsch, Stefan"]
[Result "1-0"]
[WhiteElo "2335"]
[BlackElo "2224"]
[PlyCount "79"]
[EventDate "2006.09.17"]
[EventType "team-tourn"]
[EventRounds "9"]
[EventCountry "GER"]
[SourceTitle "EXT 2008"]
[Source "ChessBase"]
[SourceDate "2007.11.25"]
[SourceVersion "1"]
[SourceVersionDate "2007.11.25"]
[SourceQuality "1"]
[WhiteTeam "Solingen II"]
[BlackTeam "Wattenscheid II"]
[WhiteTeamCountry "GER"]
[BlackTeamCountry "GER"]

1. d4 Nf6 2. c4 g6 3. Nc3 Bg7 4. e4 d6 5. Nf3 0-0 6. Be2 Na6 7. 0-0 e5 8. Be3 Ng4 9. Bg5 Qe8 10. dxe5 dxe5 11. Nd2 Bf6 12. h4 h6 13. Bxg4 hxg5 14. Nd5 Bd8 15. Bxc8 Rxc8 16. hxg5 Bxg5 17. Qg4 Qd8 18. Nf3 Bf6 19. Rfd1 c6 20. Nf4 Qe8 21. Rd6 Bg7 22. Ng5 Bh6 23. Nxf7 Rxf7 24. Rxg6+ Bg7 25. Ne6 Rcc7 26. Rd1 Rcd7 27. Rd6 Nb8 28. Rd3 Rde7 29. Rh3 Rxe6 30. Rxe6 Qd7 31. Qg6 Kf8 32. Rd6 Qe8 33. Re6 Qd7 34. Rh7 Na6 35. Rd6 Qe7 36. Re6 Qd7 37. Rd6 Qe7 38. Rd3 Nc5 39. Rg3 Ne6 40. Rh8+ 1-0

[Event "EU-ch 8th"]
[Site "Dresden"]
[Date "2007.04.14"]
[Round "11"]
[White "Esen, Baris"]
[Black "Becker, Martin Alexander"]
[Result "1-0"]
[WhiteElo "2455"]
[BlackElo "2330"]
[PlyCount "113"]
[EventDate "2007.04.03"]
[EventType "swiss"]
[EventRounds "11"]
[EventCountry "GER"]
[SourceTitle "CBM 118"]
[Source "ChessBase"]
[SourceDate "2007.05.31"]
[SourceVersion "1"]
[SourceVersionDate "2007.05.31"]
[SourceQuality "1"]

1. e4 c5 2. Nf3 d6 3. d4 cxd4 4. Nxd4 Nf6 5. Nc3 a6 6. Be2 e5 7. Nb3 Be7 8. 0-0 0-0 9. Kh1 b6 10. Be3 Bb7 11. f3 Nbd7 12. a4 Rc8 13. Rf2 Nb8 14. Bf1 h6 15. Rd2 Qc7 16. Qe1 Rfd8 17. a5 bxa5 18. Qf2 Nbd7 19. Nxa5 Ra8 20. Nxb7 Qxb7 21. b3 Rdc8 22. Nd5 Nxd5 23. Rxd5 Rc6 24. Qd2 Nf6 25. Rda5 Bd8 26. R5a4 a5 27. Bc4 Rac8 28. Qd1 Qe7 29. Bd2 Bb6 30. Bxa5 Bd4 31. R1a2 Nh5 32. Be1 Qg5 33. c3 Be3 34. Ra8 Kh7 35. Rxc8 Rxc8 36. Bxf7 Nf4 37. g3 Rf8 38. Bc4 Rf6 39. Bf1 Ng6 40. Bg2 d5 41. h4 Nxh4 42. gxh4 Qh5 43. Qd3 d4 44. cxd4 Bxd4 45. Bf2 Bxf2 46. Rxf2 Qxh4+ 47. Kg1 Qg3 48. Qd7 h5 49. Qh3 Qg5 50. Kh2 Rf4 51. Qg3 Qf6 52. Rc2 g5 53. Rc7+ Kg6 54. Bh3 Rh4 55. Kg2 Qd6 56. Rd7 Qc5 57. Rg7+ 1-0

[Event "EU-ch 8th"]
[Site "Dresden"]
[Date "2007.04.12"]
[Round "9"]
[White "Sanikidze, Tornike"]
[Black "Becker, Martin Alexander"]
[Result "1-0"]
[WhiteElo "2426"]
[BlackElo "2330"]
[PlyCount "72"]
[EventDate "2007.04.03"]
[EventType "swiss"]
[EventRounds "11"]
[EventCountry "GER"]
[SourceTitle "CBM 118"]
[Source "ChessBase"]
[SourceDate "2007.05.31"]
[SourceVersion "1"]
[SourceVersionDate "2007.05.31"]
[SourceQuality "1"]

1. d4 d5 2. c4 e6 3. Nf3 Nf6 4. Nc3 Be7 5. Bg5 h6 6. Bh4 0-0 7. e3 Ne4 8. Bxe7 Qxe7 9. Rc1 c6 10. Qc2 Nxc3 11. Qxc3 dxc4 12. Bxc4 Nd7 13. 0-0 b6 14. Rfd1 Bb7 15. e4 Rfd8 16. Qe3 c5 17. h3 cxd4 18. Nxd4 Rac8 19. f3 Ne5 20. Bb3 Rxc1 21. Qxc1 Qc5 22. Qxc5 bxc5 23. Nb5 Rxd1+ 24. Bxd1 Nd3 25. b3 a6 26. Nc3 Bc6 27. Be2 Nb4 28. Kf2 e5 29. Ke3 a5 30. Kd2 Bb7 31. a3 Na6 32. Na4 f6 33. h4 Kf7 34. Bxa6 Bxa6 35. Nxc5 Bb5 36. Nb7 a4 1-0